banner koha

A cultura do melão (Registro n. 298169)

MARC details
000 -LÍDER
campo de controle de tamanho fixo 01594nac a22005777a 4500
001 - NÚMERO DE CONTROLE
campo de controle BR2017001310
003 - IDENTIFICADOR DO NÚMERO DE CONTROLE
campo de controle BR-BrBNA
005 - DATA E HORÁRIO DA ÚLTIMA TRANSAÇÃO
campo de controle 20240105124043.0
008 - CAMPO DE DADOS FIXOS--INFORMAÇÃO GERAL
campo de controle de tamanho fixo 230509b bl.|||m| |||| 00| 0 por d
040 ## - FONTE DA CATALOGAÇÃO
Instituição da catalogação original BR-BrBNA
Idioma da catalogação por
Instituição que transcreveu o registro Biblioteca Nacional de Agricultura
072 ## - CÓDIGO DE CATEGORIA DE ASSUNTO
Código de Categoria de Assunto F01
090 ## - NÚMERO DE CHAMADA LOCAL
Número de chamada 0810 BR2017001310
100 1# - ENTRADA PRINCIPAL--NOME PESSOAL
Nome pessoal Salviano, A.M.
100 1# - ENTRADA PRINCIPAL--NOME PESSOAL
Nome pessoal Faria, C.M.B. de
100 1# - ENTRADA PRINCIPAL--NOME PESSOAL
Nome pessoal Terao, D.
100 1# - ENTRADA PRINCIPAL--NOME PESSOAL
Nome pessoal Silva, D.J.
100 1# - ENTRADA PRINCIPAL--NOME PESSOAL
Nome pessoal Batista, D. da C.
100 1# - ENTRADA PRINCIPAL--NOME PESSOAL
Nome pessoal Moreira, F.R.B.
100 1# - ENTRADA PRINCIPAL--NOME PESSOAL
Nome pessoal Resende, G.M. de
100 1# - ENTRADA PRINCIPAL--NOME PESSOAL
Nome pessoal Yuri, J.E.
100 1# - ENTRADA PRINCIPAL--NOME PESSOAL
Nome pessoal Alencar, J.A. de
100 1# - ENTRADA PRINCIPAL--NOME PESSOAL
Nome pessoal Oliveira, J.E. de M.
100 1# - ENTRADA PRINCIPAL--NOME PESSOAL
Nome pessoal Araújo, J.L.P.
100 1# - ENTRADA PRINCIPAL--NOME PESSOAL
Nome pessoal Pinto, J.M.
100 1# - ENTRADA PRINCIPAL--NOME PESSOAL
Nome pessoal Grangeiro, L.C.
100 1# - ENTRADA PRINCIPAL--NOME PESSOAL
Nome pessoal Kiill, L.H.P.
100 1# - ENTRADA PRINCIPAL--NOME PESSOAL
Nome pessoal Lima, M.A.C. de
100 1# - ENTRADA PRINCIPAL--NOME PESSOAL
Nome pessoal Silva, M.S.L.
100 1# - ENTRADA PRINCIPAL--NOME PESSOAL
Nome pessoal Lima, M.F.
100 1# - ENTRADA PRINCIPAL--NOME PESSOAL
Nome pessoal Costa, N.D.
100 1# - ENTRADA PRINCIPAL--NOME PESSOAL
Nome pessoal Ribeiro Júnior, P.M.
100 1# - ENTRADA PRINCIPAL--NOME PESSOAL
Nome pessoal Dias, R. de C.S.
100 1# - ENTRADA PRINCIPAL--NOME PESSOAL
Nome pessoal Tavares, S.C.C. de H.
100 1# - ENTRADA PRINCIPAL--NOME PESSOAL
Nome pessoal Costa-Lima, T.C. da
100 1# - ENTRADA PRINCIPAL--NOME PESSOAL
Nome pessoal Cunha, T.J.F.
110 1# - ENTRADA PRINCIPAL--NOME CORPORATIVO
Nome corporativo ou nome da jurisdição EMBRAPA Semiárido, Petrolina, PE (Brasil)
9 (RLIN) 3727
245 1# - TÍTULO
Título A cultura do melão
250 1# - EDIÇÃO
Edição 3. ed.
260 3# - PUBLICAÇÃO, DISTRIBUIÇÃO, ETC.
Local de publicação, distribuição, etc. Brasília, DF (Brasil):
Nome do editor, distribuidor, etc. EMBRAPA Informação Tecnológica,
Data da publicação, distribuição, etc. 2017.
300 ## - DESCRIÇÃO FÍSICA
Extensão 202 p.
490 ## - TÍTULO DA SÉRIE
Título da série Coleção Plantar (Brazil)
Número do volume ou designação sequencial da série no. 76
ISSN - International Standard Serial Number
500 ## - NOTA GERAL
Nota geral 13 tables; 27 illus.; 30 ref.
650 ## - ASSUNTO--TERMO TÓPICO
Cabeçalho tópico ou nome geográfico MELÃO
650 ## - ASSUNTO--TERMO TÓPICO
Cabeçalho tópico ou nome geográfico SOLO
650 ## - ASSUNTO--TERMO TÓPICO
Cabeçalho tópico ou nome geográfico PLANTIO
650 ## - ASSUNTO--TERMO TÓPICO
Cabeçalho tópico ou nome geográfico VARIEDADE
650 ## - ASSUNTO--TERMO TÓPICO
Cabeçalho tópico ou nome geográfico PÓS-COLHEITA
650 ## - ASSUNTO--TERMO TÓPICO
Cabeçalho tópico ou nome geográfico COMÉRCIO
909 ## -
-- 202312
-- Lúcia Elande
-- 55
-- Lúcia Elande
942 ## - ELEMENTOS DE ENTRADA ADICIONADOS (KOHA)
Fonte da classificação ou esquema de arquivamento na estante Classificação AGRIS
Ocultar no OPAC Não
Tipo de material Koha Monografia Seriada
Exemplares
Situação do descarte Fonte da classificação ou esquema de arquivamento na estante Situação física Não pode ser emprestado Coleção Biblioteca de origem Biblioteca atual Localização na estante Total de empréstimos Número de telefone completo Código de barras Data de último acesso Tipo de material Koha Fonte de aquisição
  Classificação AGRIS       Biblioteca Nacional de Agricultura - Binagri Biblioteca Nacional de Agricultura - Binagri Agrobase - Acervo Geral   0810 BR2017001310 0810 BR2017001310 18/12/2023 Monografia Seriada Portaria Interministerial nº 164/94

BINAGRI

Telefone: (61)3218-2567/2388/3357/2097 - binagri@agro.gov.br

Ministério da Agricultura e Pecuária , Esplanada dos Ministérios, Bloco D, Anexo B, Brasília/DF, CEP: 70.043-900